000 00299nam a2200133Ia 4500
008 230312s9999||||xx |||||||||||||| ||und||
082 _a330
_bPAK
245 0 _aPakistan Economic Survey 2003-04
260 _bGovt of Pakistan
300 _a132
546 _aEng.
650 _aEconomics
942 _cBK
999 _c6068
_d6068